One-Minute Crossword XXIV Quiz Stats

 Plays Quiz Updated Apr 3, 2019

Support Sporcle.
Go Orange.
Score 0/16 Timer 01:00
3 Plays Today
% Correct
S 
99.6%
O 
99.4%
A 
99.2%
F 
99.1%
T 
98.9%
L 
98.8%
W 
98.7%
T 
98%
% Correct
H 
97.9%
R 
97.2%
S 
94.8%
I 
94.4%
E 
93.7%
S 
93.3%
E 
91.7%
N 
91.2%

You're not logged in!

Compare scores with friends on all Sporcle quizzes.
OR
Log In

From the Vault

Not Negative Words

by JoeBeta

But not necessarily positive either.
Remove Ads.
Support Sporcle.
Get the best of Sporcle when you Go Orange. This ad-free experience offers more features, more stats, and more fun while also helping to support Sporcle. Thank you for becoming a member.

Show Comments

Extras

Top Quizzes Today


Score Distribution

Your Account Isn't Verified!

In order to create a playlist on Sporcle, you need to verify the email address you used during registration. Go to your Sporcle Settings to finish the process.

Report this User

Report this user for behavior that violates our Community Guidelines.

Details: